Państwa z najwyższymi szczyty na świecie - Statystyki

Ogólne statystyki
  • Ten quiz został rozwiązany 75 razy
  • Średni wynik to 11 z 15
Statystyki odpowiedzi
Wysokość Nazwa góry Państwo % Poprawnych
8848m Mount Everest Chiny
100%
8848m Mount Everest Nepal
97%
8586m Kanczendzonga Indie
92%
6194m Denali (McKinley) Stany zjednoczone
91%
8611m K2 Pakistan
84%
6893m Ojos del Salado Chile
80%
6961m Aconcagua Argentyna
77%
6768m Huascarán Peru
77%
7570m Gangkhar Puensum Bhutan
75%
7492m Noszak Afganistan
66%
7439m Szczyt zwycięstwa (Dżengisz czokusu) Kirgistan
66%
7010m Chan Tengri Kazachstan
64%
7495m Szczyt Ismaila Samaniego Tadżykistan
63%
6542m Sajama Boliwia
59%
6267m Chimborazo Ekwador
56%
Nie znaleziono quizów pasujących do podanych kryteriów
Rozkład punktacji
Procent ludzi z każdym wynikiem
Percentyl według liczby udzielonych odpowiedzi
Twoja historia wyników
Nie rozwiązałeś tego quizu